00425nam a2200145 a 450000100100000000500170001000800410002704000250006810000200009324500440011325000110015726000470016830000110021550000530022600002491920200930023441.0110208s2003 dr 000 0 spa d aDO-SdBNPbspacBNPHU1 aCortés, J. H. 0aComo lo hizo Jesús /cJ. H. Cortés. a4a ed. aSanto Domingo :bEditorial Triunfo,c2003. a104 p. aMétodo fácil y eficaz para grupos pequeños